MARC

LEADER 00000nam^a2200000^a^4500
001 000136503
005 20250521000000.0
009 20260310095322.67
037 |a Acervo ITESO - Biblioteca 
041 |a ESP 
082 |a 980. 005  |b ANU 1955 
240 1 1 |a [Anuario de estudios americanos] 
245 0 0 |a Anuario de estudios americanos / 
264 |a Sevilla, España :  |b Universidad de Sevilla, Escuela de Estudios Hispanoamericanos de Sevilla,  |c 1955 
300 |a XII, 989 p. 
336 |a texto  |b txt  |2 rdacontenido 
337 |a sin mediación  |b n  |2 rdamedio 
338 |a volumen  |b nc  |2 rdasoporte 
440 1 |a (Anuarios de Estudios Americanos ;  |v 12) 
440 1 |a (Publicaciones de la Escuela de Estudios Hispano-Americanos de Sevilla ;  |v 104) 
649 |a XX 
650 |a Latinoamérica -  |x Historia -  |x Publicaciones Periódicas 
650 |a España -  |x Historia -  |x Publicaciones Periódicas 
650 |a Misiones -  |z Venezuela -  |x Historia -  |y Siglo XVII 
650 |a Misiones -  |z Venezuela -  |x Historia -  |y Siglo XVIII 
650 |a División Política y Administrativa -  |z Venezuela -  |x Historia 
650 |a Vacunas -  |z Filipinas -  |x Historia 
650 |a Política Indigenista 
650 |a Literatura Peruana 
650 |a Justicia e Injusticia -  |z España -  |x Historia -  |y Siglo XVIII 
650 |a Administración Pública -  |z España -  |x Historia -  |y Siglo XVIII 
650 |a Opinión Pública -  |z Francia -  |x Historia -  |y Siglo XVIII 
650 |a Sociedades Mercantiles -  |z América -  |x Historia 
650 |a Política -  |z México -  |x Historia -  |y Epoca Colonial, 1517-1821 
650 |a Memorias Dominicanas 
650 |a Literatura Dominicana -  |y Siglo XVIII 
650 |a América -  |x Historia -  |x Documentos 
650 |a América -  |x Historia -  |x Bibliografías 
650 |a Historiografía -  |z América 
910 |a Fondo Salvador Reynoso Reynoso 
920 |a Impresos - Libros 
930 |a Fondos Especiales 
905 |a 112 
901 |a 0800013805  |b IT2  |c ESP  |u 20250521 
902 |a https://opac.biblio.iteso.mx/vufind/Record/000136503